La ciencia oriental antes de los griegos

Պահպանված է:
Մատենագիտական մանրամասներ
Հիմնական հեղինակ: Rey, Abel (Հեղինակ)
Ձևաչափ: Գիրք
Լեզու:իսպաներեն
Հրապարակվել է: Ciudad de México Uthea 1959
Շարք:La Evolución de la Humanidad, 161
Խորագրեր:
Ցուցիչներ: Ավելացրեք ցուցիչ
Չկան պիտակներ, Եղեք առաջինը, ով նշում է այս գրառումը!

MARC

LEADER 00000nam a2200000 a 4500
001 UCP8604
003 CL-VaPUC
008 000303e19590000MX |||||||||||||||||spa|d
082 0 4 |a 509  |b REY  |2 21 
100 0 |a Rey, Abel  |e author  |9 438671 
245 1 3 |a La ciencia oriental antes de los griegos 
300 |a 369 p 
942 |c BK 
945 |d 20000303 00:00:00  |a rherrera 
260 |a Ciudad de México  |b Uthea  |c 1959 
650 7 |a CIENCIA HISTORIA  |2 CL-VaPUC  |9 263304 
650 7 |a CIENCIAS ANTIGUAS  |2 CL-VaPUC  |9 438672 
650 7 |a ORIENTE  |2 CL-VaPUC  |9 438673 
650 0 |a Civilizaciones antiguas  |9 265998 
650 0 |a Matemática  |9 260235 
650 0 |a Astronomía antigua   |9 266250 
650 7 |a COSMOLOGIA ANTIGUA  |2 CL-VaPUC  |9 266707 
650 7 |a MEDICINA ANTIGUA  |2 CL-VaPUC  |9 335173 
650 0 |a Geometría   |9 264063 
651 0 |a Egipto   |9 268199 
651 0 |a China   |9 257545 
651 0 |a Mesopotamia  |9 314286 
583 |a last modification  |c 20000303 00:00:00  |k Rodrigo Vera 
490 0 |a La Evolución de la Humanidad, 161 
999 |c 285496  |d 285494 
952 |0 0  |1 0  |4 0  |6 509_000000000000000_REY_1959  |7 0  |8 A  |9 330149  |a BIBHIS  |b BIBHIS  |d 2019-11-20  |i 1393235  |o 509 REY 1959  |p 1393235  |r 2025-01-20  |w 2019-11-20  |y BK  |k HIS 
952 |0 0  |1 0  |4 0  |6 509_000000000000000_REY_1959  |7 0  |8 A  |9 330150  |a BIBHIS  |b BIBHIS  |d 2019-11-20  |i 1393243  |o 509 REY 1959  |p 1393243  |r 2025-01-20  |w 2019-11-20  |y BK  |k HIS